000 00618nam a2200181 i 4500
001 60982
003 ES-MaACL
007 t|
008 031110s1979 sp ||||1| spa d
245 0 0 _aEstudios económicos-financieros de los Planes Generales /
_c[han colaborado, Joaquín Clusa Oriach ... [et al]].
260 _aMadrid :
_bCentro de Estudios de Ordenación del Territorio y Medio Ambiente,
_c1979.
300 _a150 p. ;
_c30 cm.
490 1 _aSerie manuales
700 1 _aClusa Oriach, Joaquín.
_939318
830 0 _aSerie manuales
_9183545
852 _aES-MaACL
_jL-5845
_bR.106445
999 _c60982
_d60982